000 01049nam a2200313 a 4500
001 BRL_7
005 20190320210540.0
008 720111s1967####nyua######---#000-0#eng-#
040 _aDLC
_cODefC
_dOCoLC
041 _aeng
044 _anyu
050 4 _aN6501
_b.K45 1967
100 1 _aKelemen, Pál
_93899
245 1 0 _aBaroque and Rococo in Latin America
_cby Pál Kelemen.
250 _a2
260 _aNueva York
_bDover Publications
_c[1967]
300 _a2 v.
_bil.
_c28 cm.
500 _aIncluye lista de ilustraciones y catálogo de ilustraciones
500 _aUna publicación corregida y aumentada de la obra original publicada en 1 volumen en 1951
500 _aLa biblioteca solo cuenta con el volumen 2
500 _aVer también número de sistema 7526 perteneciente al Fondo General Franz Mayer
500 _aAu103
505 0 _aContenido: v.1. Texto. -- v.2. Ilustraciones
650 1 4 _aArte Latinoamericano
_99242
650 1 4 _aArte barroco
_93994
650 1 4 _aArte rococó
_95921
902 _aGRL
942 _2lcc
_cB
999 _c8820
_d8820